000 00729nam a2200205 a 4500
001 20518
003 CO-ViMGA
008 141112s2004 ck r 000 u spa d
020 _a8489672393
040 _aCO-ViMGA
_bspa
_cCO-ViMGA
082 0 4 _aR796.038 M671d
100 1 _aMorales del Moral, Antonio; Guzmán Ordoñez, Manuel
_929670
245 1 0 _aDICCIONARIO TEMÁTICO DE LOS DEPORTES
260 _aMálaga :
_bArguval,
_c2000
300 _a606p
490 _aManual de terminos en la actividad física y el deporte
590 _aForma de adquisición : Compra fact. 0543 - - Precio : 56000 - - Proveedor : Temas y libros - - Fecha de adquisición : Abril 2006
650 1 4 _aDEPORTES - DICCIONARIO
_929671
942 _2ddc
_cBK
999 _c29512
_d29512